Verejná správa ako jeden z prostriedkov ovplyvňujúci sociálno-ekonomický rozvoj Slovenskej republiky

S ekonomickým a sociálnym rozvojom SR úzko súvisí aj modernizácia verejnej správy. Uplynulých 17 rokov často dochádzalo k reformným zmenám, ktoré mali pozitívne aj negatívne dopady. Potreba racionalizácie verejnej správy. Základ tejto racionalizácie spočíva v kvalitnej legislatíve. Zmeny by mali vie...

Ausführliche Beschreibung

Gespeichert in:
Bibliographische Detailangaben
1. Verfasser: Čečot, Vladimír
Format: Buchkapitel
Sprache:Slowakisch
Schlagworte:
Tags: Tag hinzufügen
Keine Tags, Fügen Sie das erste Tag hinzu!

MARC

LEADER 00000naa$a2200000$$$4500
001 0079880
005 20221207083434.3
041 0 |a slo 
044 |a SK 
245 1 0 |a Verejná správa ako jeden z prostriedkov ovplyvňujúci sociálno-ekonomický rozvoj Slovenskej republiky  |c Vladimír Čečot 
520 |a S ekonomickým a sociálnym rozvojom SR úzko súvisí aj modernizácia verejnej správy. Uplynulých 17 rokov často dochádzalo k reformným zmenám, ktoré mali pozitívne aj negatívne dopady. Potreba racionalizácie verejnej správy. Základ tejto racionalizácie spočíva v kvalitnej legislatíve. Zmeny by mali viesť k vytvoreniu takého modelu verejnej správy, ktorý bude vyhovovať občanom a bude časovo neobmedzený. 
610 2 0 |a správa verejná 
610 2 0 |a reformy 
610 2 0 |a decentralizácia 
610 2 0 |a legislatíva 
610 2 0 |a informatizácia 
100 1 |a Čečot, Vladimír